000
00249nam a2200097Ia 4500
008
230915s9999 xx 000 0 und d
050
_a
QD 75.2 .F86 2004
100
_a
SKOOG DOUGLAS A.
245
0
_a
FUNDAMENTALS OF ANALYTICAL CHEMISTRY
942
_c
BK
999
_c
190282
_d
190282